Test de culture generale du groupe - Statistiques

Statistiques générales
  • Ce quiz a été pris 12 fois
  • Le résultat moyen est 17 sur 40
Statistiques - réponses
Hint Réponse % Correct
Meilleur joueur de code names Nathan
89%
couleur de la piste de ce stade bleu
78%
Qui est ensuite tombé sous le charme de cette fille Jeremie
78%
Surnom emblématique de jérémie Kader
78%
grand édifice a coté de chez Silvia a saint lulu chateau d'eau
67%
Avec qui Antoine Jeantils a-t-il entamé une relation amoureuse en 6ème Hanae
67%
prenom de la maman de Romane Isabelle
67%
Nom du stade de st ex la couldre
67%
Nom du gymnase de St Ex Roger Riviere
67%
Prenom et nom du professeur de musique du collège Ludovic Busseret
56%
Ville de l'échange de Silvia Monterrey
56%
rue de chez Anne route de Troux
56%
Club préféré d'Anne ( citez en 1 sur 2) sainté ou rennes
56%
Et celui de Valentine ? Saut en parachute
56%
et de Valentine (réponse 4) Boutier ? Wollongong
56%
Prenom de l'animatrice blonde de belle ile qui criait tout le temps Aglae
44%
Nom du gosse préféré de Romane a son travail Amine
44%
nom de jeune fille de celle ci Langouet
44%
Deuxieme prenom de Valentine Nathalie
44%
Deuxieme surnom du batiment blanc du havre appelé "Volcan" pot de Yaourt
44%
Prenom de la petite soeur de Lilia (a.k.a la bestie d'ismael) Sarah
44%
Numero derrière le super maillot de rennes de Nathan 9
33%
mythique gout de cigarette électronique aux notes de pêches Arrete moi si tu pêches
33%
nom de la rue de Saint Exupery (juste le nom) Michael Faraday
33%
Marque du cadeau de Silvia Michael kors
33%
prochain voyage du groupe (pays) Montenegro
33%
nom de la fille de l'histoire ( interminable ) du bateau de croatie de Jeremie Oceane
33%
nom du lycee de notre grand oral Rene Descartes
33%
Quel était le cadeau de Silvia à son 18eme anniversaire ? Sac a main
33%
Ville en de l'ouest du departement de la manche et ou l'on trouve une mer dont l'eau est très dangereuse pour la peau Barneville-Carteret
22%
Plat consommé par ismael pour atteindre les étoiles carbeunara
22%
Entraineur préféré d'Ismael Deschamps
22%
Deuxieme prenom de Nathan Hubert
22%
nom de la fille du trampoline dans l'arc prépa de Jeremie Lucile
22%
nom du chat d'ismael Neo
22%
Alcool préféré de Jérémie( citez 1 parmi 3 ) Vodka noire / cidre / jaeger
22%
Boisson preferee de Romane cola marque repere
11%
matiere preferee de jeremie fonderie
11%
Pourquoi Nathan detestait Valentine en 6ème Parceque meme quand elle repondait mal les profs lui mettaient 20 parceque c'est Valentine donc elle a pas fait exprès de se tromper...
11%
Prenom du technicien de surface de Saint Exupéry Serge
11%
Aucun quiz correspondant
Distribution des résultats
% des personnes avec chaque résultat
Percentile par nombre de réponses
Votre historique - résultats
Vous n’avez pas pris ce quiz